000 01235nam0a2200313 4500
001 RU\NLR\BIBL_A\022125931
005 20250625131701.0
010 _91000
035 _a(NLR Aleph) 022125931
090 _a13319758
_c13319758
100 _a20240205d1980 |||y0rusy50 ca
101 0 _adar
102 _aRU
105 _aach z 000 y
181 0 _ai
_baxxe
182 0 _an
200 1 _aКалунси хазна
_eхIябкубти, дезни, далуйти
_fГIямарла Батирай
_gА. ГI. ГIялиханова сост., перевод., авт. вступ. статьи, комм.
203 _aТекст
_bвизуальный
_cнепосредственный
210 _aМахачкала
_cДаг. кн. изд-во
_d1989
215 _a502,[1] с.
_cил., портр., факсимиле
_d17
541 1 _6z01790
_aПоэтическое наследие
_eхакубы, деза, песни
_zrus
686 1 _aШ3(241Д=Да)
700 1 _aБатирай
_bГ.
_f1820-1902
_gГIямарла
_4070
790 0 _6z01541
_aБатырай
_bО.
_f1820-1902
_gОмарла
_4070
852 _aNLR
_bОНЛ
_jДарг./2-1039
852 _aNLR
_bОНЛ
_jДарг./2-1039
942 _cBOOK
980 _aNB